Montpellier de A à Z - Statistiques

Statistiques générales
  • Ce quiz a été pris 372 fois
  • Le résultat moyen est 17 sur 26
Statistiques - réponses
Lettre Indice Réponse % Correct
C Place immanquable de la ville nommée d'après le théâtre lui faisant face Place de la {Comédie}
94%
H Département pour lequel Montpellier est la préfecture Hérault
88%
A Quartier important de Montpellier au nom rappelant Anouilh et Sophocle Antigone
85%
T Transport emblématique de la ville Tramway
85%
L Cours d'eau principal de Montpellier Lez
82%
Q Ce que sont Figuerolles, Prés d'Arènes, Hôpitaux-Facultés ou Port Marianne Quartiers
82%
M Rivière donnant son nom à un quartier et à un stade Mosson
79%
O Quartier et centre commercial au nom inspiré d'une épopée grecque Odysseum
78%
R Prénom porté par le saint bienfaiteur de la ville de Montpellier, donnant son nom à une gare Roch
78%
B Importante ville catalane jumelée à Montpellier Barcelone
76%
W Deux jour bien utiles pour passer du temps à la plage {Week}-{End}
75%
K Activité dont la pratique est courante sur le cours d'eau ci-dessous Kayak
74%
P Parc faisant face à l'Arc de Triomphe et ayant l'aqueduc des Arceaux en continuité Promenade du {Peyrou}
72%
X Lettre qui, jusqu'à preuve du contraire, n'est présente nulle part dans "Montpellier" X
72%
U Institution d'éducation supérieure fameuse et attractive à Montpellier Université
67%
D Voie romaine importante passant par la ville de Montpellier Voie {Domitienne}
63%
E Centre historique de Montpellier, au nom rappelant sa forme Écusson
62%
I Ce que représente le I dans ICGM, IRMB, ou INRAE Institut
61%
J Établissement scolaire de renom situé sur la citadelle de Montpellier Lycée {Joseph Joffre}
60%
Z Streamer montpelliérain du nom d'Adrien Nougaret, fondateur du ZEvent ZeratoR
51%
F Maire au plus long mandat ayant laissé une empreinte importante, notamment avec le Corum et le quartier commençant par "A" Georges Frêche
46%
S Grande librairie fondée dans le centre de Montpellier Sauramps
46%
V Cours d'eau aux quais reconnaissables pour leurs graffitis Verdanson
34%
G Stade de rugby portant le nom d'un groupe promoteur immobilier GGL Stadium
31%
N Province romaine sur laquelle se situe actuellement Montpellier Narbonnaise
25%
Y École des métiers du numérique présente à Montpellier Ynov
8%
Aucun quiz correspondant
Distribution des résultats
% des personnes avec chaque résultat
Percentile par nombre de réponses
Votre historique - résultats
Vous n’avez pas pris ce quiz